<?xml version="1.0" encoding="UTF-8"?>
<record
    xmlns:xsi="http://www.w3.org/2001/XMLSchema-instance"
    xsi:schemaLocation="http://www.loc.gov/MARC21/slim http://www.loc.gov/standards/marcxml/schema/MARC21slim.xsd"
    xmlns="http://www.loc.gov/MARC21/slim">

  <leader>03162nam a2200565Ia 4500</leader>
  <controlfield tag="001">7590</controlfield>
  <controlfield tag="008">241029s9999    xx            000 0 und d</controlfield>
  <datafield tag="010" ind1=" " ind2=" ">
    <subfield code="a">7198</subfield>
  </datafield>
  <datafield tag="041" ind1=" " ind2=" ">
    <subfield code="a">Espa&#xF1;ol</subfield>
  </datafield>
  <datafield tag="082" ind1=" " ind2=" ">
    <subfield code="a">NO APLICA</subfield>
  </datafield>
  <datafield tag="245" ind1=" " ind2="0">
    <subfield code="a">Impacto del Equipo de Gesti&#xF3;n, para la Aplicaci&#xF3;n de la Tics, en el Mejoramiento del Aprendizaje, de los(as) Estudiantes de los Centros Educativos, del Nivel Primario Zona Urbana, Distrito 05 de S&#xE1;nchez, Regional 14 Nagua, a&#xF1;o escolar 2016-2017</subfield>
  </datafield>
  <datafield tag="260" ind1=" " ind2=" ">
    <subfield code="a">Mar&#xED;a Trinidad S&#xE1;nchez</subfield>
  </datafield>
  <datafield tag="300" ind1=" " ind2=" ">
    <subfield code="a">127</subfield>
  </datafield>
  <datafield tag="520" ind1=" " ind2=" ">
    <subfield code="a">74</subfield>
  </datafield>
  <datafield tag="630" ind1=" " ind2=" ">
    <subfield code="a">Impacto Social</subfield>
  </datafield>
  <datafield tag="630" ind1=" " ind2=" ">
    <subfield code="a">Incidencia</subfield>
  </datafield>
  <datafield tag="630" ind1=" " ind2=" ">
    <subfield code="a">Tecnolog&#xED;a de la Informaci&#xF3;n y Comunicaci&#xF3;n (TICs)</subfield>
  </datafield>
  <datafield tag="630" ind1=" " ind2=" ">
    <subfield code="a">Tecnolog&#xED;a Educativa</subfield>
  </datafield>
  <datafield tag="650" ind1=" " ind2=" ">
    <subfield code="a">Tecnolog&#xED;a de la Informaci&#xF3;n y de la Comunicaci&#xF3;n (TICs)</subfield>
  </datafield>
  <datafield tag="690" ind1=" " ind2=" ">
    <subfield code="a">Elaborado</subfield>
  </datafield>
  <datafield tag="700" ind1=" " ind2=" ">
    <subfield code="e">asesor</subfield>
    <subfield code="a">Silverio , Jos&#xE9; Nilo</subfield>
  </datafield>
  <datafield tag="700" ind1=" " ind2=" ">
    <subfield code="e">autor</subfield>
    <subfield code="a">Fr&#xED;as De La Cruz              , Sara </subfield>
  </datafield>
  <datafield tag="700" ind1=" " ind2=" ">
    <subfield code="e">autor</subfield>
    <subfield code="a"> Medina Drullard, M&#xE9;lida </subfield>
  </datafield>
  <datafield tag="901" ind1=" " ind2=" ">
    <subfield code="a">{"1":"Fr&#xED;as De La Cruz              ","2":" Medina Drullard"}</subfield>
    <subfield code="b">{"1":"Sara ","2":"M&#xE9;lida "}</subfield>
  </datafield>
  <datafield tag="902" ind1=" " ind2=" ">
    <subfield code="a">1</subfield>
  </datafield>
  <datafield tag="903" ind1=" " ind2=" ">
    <subfield code="a">{"1":"Silverio "}</subfield>
    <subfield code="b">{"1":"Jos&#xE9; Nilo"}</subfield>
  </datafield>
  <datafield tag="904" ind1=" " ind2=" ">
    <subfield code="a">Maestr&#xED;a en</subfield>
  </datafield>
  <datafield tag="905" ind1=" " ind2=" ">
    <subfield code="a">Ciencias de la Educaci&#xF3;n</subfield>
  </datafield>
  <datafield tag="906" ind1=" " ind2=" ">
    <subfield code="a">1</subfield>
  </datafield>
  <datafield tag="907" ind1=" " ind2=" ">
    <subfield code="a">Menci&#xF3;n en</subfield>
  </datafield>
  <datafield tag="908" ind1=" " ind2=" ">
    <subfield code="a">Gesti&#xF3;n de Centros Educativos</subfield>
  </datafield>
  <datafield tag="909" ind1=" " ind2=" ">
    <subfield code="a">Universidad Abierta para Adultos, Cibao Oriental (Nagua)</subfield>
  </datafield>
  <datafield tag="910" ind1=" " ind2=" ">
    <subfield code="a">NULL</subfield>
    <subfield code="b">NULL</subfield>
  </datafield>
  <datafield tag="911" ind1=" " ind2=" ">
    <subfield code="a">["1"]</subfield>
  </datafield>
  <datafield tag="912" ind1=" " ind2=" ">
    <subfield code="a">NO APLICA</subfield>
  </datafield>
  <datafield tag="913" ind1=" " ind2=" ">
    <subfield code="a">NULL</subfield>
  </datafield>
  <datafield tag="914" ind1=" " ind2=" ">
    <subfield code="a">01 de Octubre de 2017</subfield>
  </datafield>
  <datafield tag="915" ind1=" " ind2=" ">
    <subfield code="a">08/12/19 08:12</subfield>
  </datafield>
  <datafield tag="916" ind1=" " ind2=" ">
    <subfield code="a">NULL</subfield>
  </datafield>
  <datafield tag="917" ind1=" " ind2=" ">
    <subfield code="a">NULL</subfield>
  </datafield>
  <datafield tag="918" ind1=" " ind2=" ">
    <subfield code="a">NO APLICA</subfield>
  </datafield>
  <datafield tag="919" ind1=" " ind2=" ">
    <subfield code="a">["304","209","296","191"]</subfield>
  </datafield>
  <datafield tag="520" ind1=" " ind2=" ">
    <subfield code="a">El estudio busc&#xF3; analizar el impacto del equipo de gesti&#xF3;n, para la aplicaci&#xF3;n de las TIC, en el mejoramiento del aprendizaje de los(as) estudiantes de los Centros Educativos, del Nivel Primario en la zona urbana, del Distrito 05 S&#xE1;nchez, regional 14 nagua, durante el a&#xF1;o escolar 2016-2017.El dise&#xF1;o de esta investigaci&#xF3;n fue descriptivo bajo un enfoque cuantitativo y no experimental. Se trabaj&#xF3; con una poblaci&#xF3;n compuesta por (10) diez miembro del Equipo de Gesti&#xF3;n del Centro Educativo, (25) veinticinco docentes y 224 estudiantes para un total de doscientos cincuenta y nueve participantes.&#xA0; Como instrumento se emple&#xF3; el cuestionario.Se concluy&#xF3; que el discente maneja m&#xE1;s recursos tecnol&#xF3;gicos que los mismos docentes y equipo gestor, convirti&#xE9;ndose esto en una gran debilidad para el sistema educativo en el Distrito Educativo 05 de S&#xE1;nchez, adem&#xE1;s de acuerdo a los discentes no les permiten usar recursos si ellos los llevan al centro, entrando esto en contradicci&#xF3;n con lo que se oriente en el curr&#xED;culo dominicano y en las pol&#xED;ticas educativa 2008-2018, la cual establece que se incorpore la tecnolog&#xED;a al proceso &#xE1;ulico.El estudio recomienda al equipo de gesti&#xF3;n, apegarse a las pol&#xED;ticas sobre el manejo de las tecnolog&#xED;as en los centros educativos y Gestionar al junto del gestor recursos tecnol&#xF3;gicos para el centro.</subfield>
  </datafield>
  <datafield tag="921" ind1=" " ind2=" ">
    <subfield code="a">72</subfield>
  </datafield>
  <datafield tag="922" ind1=" " ind2=" ">
    <subfield code="a">72</subfield>
  </datafield>
  <datafield tag="923" ind1=" " ind2=" ">
    <subfield code="a">1</subfield>
  </datafield>
  <datafield tag="924" ind1=" " ind2=" ">
    <subfield code="a">20191204155359</subfield>
  </datafield>
  <datafield tag="942" ind1=" " ind2=" ">
    <subfield code="c">Tesis</subfield>
  </datafield>
  <datafield tag="999" ind1=" " ind2=" ">
    <subfield code="c">7198</subfield>
    <subfield code="d">7198</subfield>
  </datafield>
</record>
